000
00283nam a22001097a 4500
008
230704b xxu||||| |||| 00| 0 eng d
082
_a
341.08
_b
TOY 1958
245
_a
The Initial Triumph of the Axis
260
_b
Oxford University Press
_c
1958
300
_a
XVII,742p
942
_2
ddc
_c
BK
999
_c
3726
_d
3726